Geography of Hawaii - Statistics

General Stats
  • This quiz has been taken 379 times
  • The average score is 11 of 20
Answer Stats
Question Answer % Correct
On what island is Honolulu located? Oʻahu
97%
What naval base was attacked by the Japanese in 1941? Pearl Harbor
95%
What is the nickname of the Hawai'i Island? The {Big} Island
88%
What Hawaiian mountain is the world's tallest from base to peak? Mauna Kea
82%
What sub-region of Oceania is Hawaii geographically part of? Polynesia
81%
What Honolulu neighborhood is home to Hawaii's most famous beach? Waikiki
79%
What is the most common nickname for Hawaii? The {Aloha} State
67%
What mountain in the Hawai'i Volcanoes is the world's most massive shield volcano? Mauna Loa
64%
What is the most populous city on the island of Hawai'i? Hilo
59%
What is the only island in the Hawaiian archipelago that is not part of the state of Hawaii? (hint: site of a WWII battle) Midway
55%
What are A'a and Pahoehoe types of? Lava
50%
What island is nicknamed "The Garden Isle"? Kauaʻi
48%
What is the most valuable crop produced in Hawaii? Coffee
45%
What volcanic crater is overlooking the capital? {Diamond} Head
40%
What what type of plant does poi come from? Taro
37%
What volcano in that same national park is the most active one in Hawaii? Kīlauea
26%
To what city in Maui does a twisty highway lead to? Hana
23%
What famous surfing spot in that island's North Shore is sometimes called "Pipeline"? {Banzai} Pipeline
16%
What national park is also called "East Maui Volcano"? Haleakalā
15%
What type of volcanic region is thought to be fed by underlying mantle, as Hawaii is? Hotspot
14%
No matching quizzes found
Score Distribution
Percent of People with Each Score
Percentile by Number Answered
Your Score History
You have not taken this quiz